LEADER 03897nam 22006375 450 001 9910300557403321 005 20250609111622.0 010 $a3-319-96265-5 024 7 $a10.1007/978-3-319-96265-8 035 $a(CKB)4100000005471768 035 $a(DE-He213)978-3-319-96265-8 035 $a(MiAaPQ)EBC5489361 035 $z(PPN)25886351X 035 $a(PPN)229917704 035 $a(MiAaPQ)EBC6242226 035 $a(EXLCZ)994100000005471768 100 $a20180807d2018 u| 0 101 0 $aeng 135 $aurnn|008mamaa 181 $ctxt$2rdacontent 182 $cc$2rdamedia 183 $acr$2rdacarrier 200 10$aAstrobiology and Society in Europe Today /$fedited by Klara Anna Capova, Erik Persson, Tony Milligan, David Dunér 205 $a1st ed. 2018. 210 1$aCham :$cSpringer International Publishing :$cImprint: Springer,$d2018. 215 $a1 online resource (XVI, 72 p. 14 illus., 13 illus. in color.) 225 1 $aSpringerBriefs in Astronomy,$x2191-9100 311 08$a3-319-96264-7 327 $a1. Introduction -- 2. Astrobiology and Society in Europe -- 3. The International Context of Astrobiology -- 4. Society, Worldview and Outreach -- 5. Environment and Sustainability -- 6. Education, Training and Scholarship -- 7. Technological Innovation and Commerce -- 8. Science and Research -- 9. Leading the Future of Astrobiology in Europe -- 10. Appendices. 330 $aThis White Paper describes the state of astrobiology in Europe today and its relation to the European society at large. With contributions from authors in twenty countries and over thirty scientific institutions worldwide, the document illustrates the societal implications of astrobiology and the positive contribution that astrobiology can make to European society. The White paper has two main objectives: 1. It recommends the establishment of a European Astrobiology Institute (EAI) as an answer to a series of challenges relating to astrobiology but also European research, education and the society at large. 2. It also acknowledges the societal implications of astrobiology, and thus the role of the social sciences and humanities in optimizing the positive contribution that astrobiology can make to the lives of the people of Europe and the challenges they face. This book is recommended reading for science policy makers, the interested public, and the astrobiology community. 410 0$aSpringerBriefs in Astronomy,$x2191-9100 606 $aExobiology 606 $aScience?Social aspects 606 $aTechnology?Sociological aspects 606 $aPublic policy 606 $aAstrobiology$3https://scigraph.springernature.com/ontologies/product-market-codes/P22057 606 $aSocietal Aspects of Physics, Outreach and Education$3https://scigraph.springernature.com/ontologies/product-market-codes/P34000 606 $aScience and Technology Studies$3https://scigraph.springernature.com/ontologies/product-market-codes/X22270 606 $aPublic Policy$3https://scigraph.springernature.com/ontologies/product-market-codes/911060 615 0$aExobiology. 615 0$aScience?Social aspects. 615 0$aTechnology?Sociological aspects. 615 0$aPublic policy. 615 14$aAstrobiology. 615 24$aSocietal Aspects of Physics, Outreach and Education. 615 24$aScience and Technology Studies. 615 24$aPublic Policy. 676 $a576.839 702 $aCapova$b Klara Anna$4edt$4http://id.loc.gov/vocabulary/relators/edt 702 $aPersson$b Erik$4edt$4http://id.loc.gov/vocabulary/relators/edt 702 $aMilligan$b Tony$4edt$4http://id.loc.gov/vocabulary/relators/edt 702 $aDunér$b David$4edt$4http://id.loc.gov/vocabulary/relators/edt 906 $aBOOK 912 $a9910300557403321 996 $aAstrobiology and Society in Europe Today$91864308 997 $aUNINA